| 000 | 00741nam a2200241 a 4500 | ||
|---|---|---|---|
| 001 | BRCA_5481 | ||
| 005 | 20190320205111.0 | ||
| 008 | 151112s1980----nyua######---#000-0#eng-# | ||
| 020 | _a0060118873 | ||
| 041 | _aeng | ||
| 044 | _anyu | ||
| 050 | 4 |
_aN610 _b.H53 1980 |
|
| 100 | 1 |
_aHibbard, Howard _914014 |
|
| 245 | 1 | 0 |
_aThe Metropolitan Museum of Art _cHoward Hibbard. |
| 260 |
_aNueva York _bHarper & Row _cc1980 |
||
| 300 |
_a592 p. _bil. (algunas a color) _c28 cm. |
||
| 500 | _aIncluye índice de láminas e índice alfabético | ||
| 500 | _aColección Sonia Corcuera de Mancera | ||
| 504 | _aBibliografía: p. 578 | ||
| 610 | 2 | 4 |
_aMetropolitan Museum of Art (Nueva York (Estados Unidos)) _914015 |
| 902 | _aDSC | ||
| 942 |
_2lcc _cB |
||
| 999 |
_c5175 _d5175 |
||